Classement de La Liga - Statistiques

Statistiques générales
  • Ce quiz a été pris 152 fois
  • Le résultat moyen est 12 sur 20
Statistiques - réponses
Hint Réponse % Correct
2 Barcelone
99%
1 Real Madrid
99%
6 Real Sociedad
92%
3 Atlético de Madrid
89%
4 Séville
89%
5 Betis
80%
8 Ath.Bilbao
73%
9 Valence
69%
7 Villarreal
68%
15 Getafe
51%
11 Celta vigo
47%
10 Osasuna
42%
16 Majorque
40%
13 Elche
38%
14 Espanyol
38%
12 Rayo
37%
17 Cadix
32%
20 Deportivo Alavés
32%
18 Grenade
32%
19 Levante
26%
Aucun quiz correspondant
Distribution des résultats
% des personnes avec chaque résultat
Percentile par nombre de réponses
Votre historique - résultats
Vous n’avez pas pris ce quiz